Oscar del calcio AIC 1997 - Statistics

Statistiche generali
  • Questo quiz è stato fatto 30 volte
  • Il punteggio medio è 7 su 8
Statistiche sulle risposte
Categoria Nazione Squadra Vincitore % Corretto
Migliore calciatore straniero Francia Juventus Zinédine Zidane
100%
Migliore allenatore Italia Juventus Marcello Lippi
92%
Migliore calciatore italiano Italia Sampdoria Roberto Mancini
92%
Migliore portiere Italia Juventus Angelo Peruzzi
88%
Migliore squadra - - Juventus
88%
Migliore arbitro - - Pierluigi Collina
88%
Migliore calciatore assoluto Italia Sampdoria Roberto Mancini
85%
Migliore calciatore giovane Italia Atalanta Filippo Inzaghi
62%
Nessun quiz corrispondente trovato
Distribuzione punteggi
Percentuale di utenti per punteggio
Percentile per numero di risposta
I tuoi punteggi nel tempo
Non hai fatto questo quiz